000 00773nam a2200145Ia 4500
008 171212s9999 xx 000 0 und d
020 _a9781921313158
100 _aCarroll, Peter;Deighton-Smith, Rex;Silver, Helen;Walker, Chris
245 _cCarroll, Peter;Deighton-Smith, Rex;Silver, Helen;Walker, Chris
_aMinding the Gap
_bAppraising the promise and performance of regulatory reform in Australia
260 _bANU E Press
_c2008
440 _aAustralia and New Zealand School of Government (ANZSOG)
650 _aBusiness enterprises -- Government policy -- Australia; Business enterprises -- Law and legislation -- Australia; Deregulation -- Australia; Trade regulation -- Australia
650 _aPolitical Science
856 _uwww.jstor.org/stable/10.2307/j.ctt24hdst
999 _c351209
_d351209